banner koha

Faculdade de Medicina Veterinária e Zootecnia da Universidade de São Paulo: 100 anos de história (1999-2019) (Registro n. 86609)

MARC details
000 -LÍDER
Campo de controle fixo 01248nam a22003857a 4500
001 - NÚMERO DE CONTROLE
Número de controle BR2023001989
003 - CÓDIGO MARC DA AGÊNCIA CATALOGADORA
Campo de controle BR-BrBNA
005 - DATA E HORA DA ÚLTIMA ATUALIZAÇÃO
Campo de controle 20231031130855.0
008 - CAMPO DE TAMANHO FIXO
Campo fixo de controle 231031b bl.||||| |||| 00| 0 por d
020 ## - ISBN - INTERNATIONAL STANDARD BOOK NUMBER
ISBN 978-85-67411-19-3
040 ## - FONTE DA CATALOGAÇÃO
Agência catalogadora BR-BrBNA
Idioma da catalogação por
041 ## - CÓDIGO DO IDIOMA
Código do Idioma por
072 ## - CATEGORIA AGRIS
Código da categoria de assunto/objeto <a href="D10 ; B50 ; C10">D10 ; B50 ; C10</a>
090 ## - NÚMERO DE CHAMADA
Localização na estante D10 BR2023001989
100 ## - ENTRADA PRINCIPAL - NOME PESSOAL
Nome pessoal Visintin, José Antônio (org.)
100 ## - ENTRADA PRINCIPAL - NOME PESSOAL
Nome pessoal Stopiglia, Ângela João
100 ## - ENTRADA PRINCIPAL - NOME PESSOAL
Nome pessoal Birgel, Eduardo Harby
100 ## - ENTRADA PRINCIPAL - NOME PESSOAL
Nome pessoal Assis, Gláucio Pereira de
100 ## - ENTRADA PRINCIPAL - NOME PESSOAL
Nome pessoal Albuquerque, Ricardo de
100 ## - ENTRADA PRINCIPAL - NOME PESSOAL
Nome pessoal Visintin, José Antônio
110 1# - ENTRADA PRINCIPAL - ENTIDADE
9 (RLIN) 10534
Nome da entidade ou lugar Universidade de São Paulo, São Paulo (Brasil). Faculdade de Medicina Veterinária e Zootecnia
245 ## - TÍTULO PRINCIPAL
Título principal Faculdade de Medicina Veterinária e Zootecnia da Universidade de São Paulo: 100 anos de história (1999-2019)
260 ## - IMPRENTA (PUBLICAÇÃO, DISTRIBUIÇÃO, ETC.)
Lugar de publicação, distribuição, etc. São Paulo, SP (Brasil)
Data de publicação, distribuição, etc 2019
300 ## - DESCRIÇÃO FÍSICA
Extensão 256 p.
500 ## - NOTA GERAL
Notas gerais Includes several bibliographies; 226 illus.; 5 tables
650 ## - ASSUNTO - THESAGRO
Cabeçalho tópico ou nome geográfico VETERINÁRIA
650 ## - ASSUNTO - THESAGRO
Cabeçalho tópico ou nome geográfico ZOOTECNIA
650 ## - ASSUNTO - THESAGRO
Cabeçalho tópico ou nome geográfico ADMINISTRAÇÃO PÚBLICA
650 ## - ASSUNTO - THESAGRO
Cabeçalho tópico ou nome geográfico INSTITUIÇÃO PÚBLICA
650 ## - ASSUNTO - THESAGRO
Cabeçalho tópico ou nome geográfico ESCOLA
650 ## - ASSUNTO - THESAGRO
Cabeçalho tópico ou nome geográfico EDUCAÇÃO VETERINÁRIA
650 ## - ASSUNTO - THESAGRO
Cabeçalho tópico ou nome geográfico HISTÓRIA
909 ## - IDENTIFICAÇÃO DO CATALOGADOR
Ano e mês da catalogação (aaaamm) 202310
Identificação do catalogador Fernando
942 ## - TIPO ESPECÍFICO
Tipo de material Livros
952 ## - LOCATION AND ITEM INFORMATION (KOHA)
-- 2023-10-31
Exemplares
Status de empréstimo Fonte de classificação Status de danificação Não pode ser emprestado Código da coleção Localização permanente Localização atual Localização na estante Total Checkouts Número de chamada Código de barras Tipo de material
  Classificação AGRIS     Agrobase Biblioteca Nacional de Agricultura - Binagri Biblioteca Nacional de Agricultura - Binagri Agrobase - Acervo Geral   D10 BR2023001989 2023-436618 Livros

BINAGRI

Telefone: (61)3218-2567/2388/3357/2097 - binagri@agro.gov.br

Ministério da Agricultura e Pecuária , Esplanada dos Ministérios, Bloco D, Anexo B, Brasília/DF, CEP: 70.043-900